| 000 | 00592nam a2200217Ia 4500 | ||
|---|---|---|---|
| 005 | 20250508161653.0 | ||
| 008 | 008 250505s9999 xx 000 0 eng d | ||
| 020 | _a0-13-449579-9 | ||
| 037 | _aTextual | ||
| 040 |
_aFEDL _beng _cFEDL |
||
| 041 |
_aeng _2eng |
||
| 084 |
_a570, WON _qFEDL |
||
| 100 |
_aWong Harry K _9771278 |
||
| 245 | 0 | _aBiology | |
| 260 |
_aEnglewood Cliffs _bPrentice-Hall _c1971 |
||
| 300 | _a280p. | ||
| 490 | _aIdeas and investigations in science | ||
| 700 |
_a Dolmatz Malvin S _9771279 |
||
| 942 |
_cTEXL _h570, WON |
||
| 999 |
_c1371458 _d1371458 |
||